Motives of Large Multinationals Investing in Small Transition Countries <A> Literature Review
Na minha lista:
| Autor principal: | |
|---|---|
| Formato: | Livro |
| Idioma: | inglês |
| Publicado em: |
Kiel
Institut für Weltwirtschaft
1995
|
| Colecção: | Kiel Working Paper
No.668 |
| Assuntos: | |
| Tags: |
Sem tags, seja o primeiro a adicionar uma tag!
|
MARC
| LEADER | 00000nam a2200000 4500 | ||
|---|---|---|---|
| 001 | c010677 | ||
| 005 | 20250521093016.1 | ||
| 041 | 0 | |a eng | |
| 044 | |a DE | ||
| 245 | 1 | 0 | |a Motives of Large Multinationals Investing in Small Transition Countries |b <A> Literature Review |c Klaus-Dieter Schmidt |
| 264 | 1 | |a Kiel |b Institut für Weltwirtschaft |c 1995 | |
| 300 | |a 23 s. | ||
| 490 | 1 | |a Kiel Working Paper |v No.668 | |
| 830 | 0 | |a Kiel Working Paper |v No.668 | |
| 610 | 2 | 0 | |a investície zahraničné |
| 610 | 2 | 0 | |a spoločnosti nadnárodné |
| 610 | 2 | 0 | |a joint ventures |
| 610 | 2 | 0 | |a teórie ekonomické |
| 610 | 2 | 0 | |a transformácia |
| 610 | 2 | 0 | |a východná Európa |
| 610 | 2 | 0 | |a stredná Európa |
| 100 | 1 | |a Schmidt, Klaus-Dieter | |